[Event "Mondiale Semilampo 2016"]
[Site "Doha QAT"]
[Date "2016.12.26"]
[Round "3.29"]
[White "Perez Ponsa, Federico"]
[Black "Akopian, Vladimir"]
[Result "0-1"]
[WhiteTitle "GM"]
[BlackTitle "GM"]
[WhiteElo "2585"]
[BlackElo "2675"]
[WhiteFideId "117927"]
[BlackFideId "13300032"]
[EventDate "2016.12.26"]

1. e4 c6 2. d4 d5 3. e5 Bf5 4. Nf3 e6 5. Be2 Bg6 6. O-O Ne7 7. c3 Nf5 8. a4 Nd7
9. a5 a6 10. b4 Be7 11. Nbd2 O-O 12. Nb3 f6 13. g4 Nh6 14. exf6 Rxf6 15. g5 Rxf3
16. Bxf3 Bxg5 17. Kh1 Bxc1 18. Rxc1 Qh4 19. Qe2 Re8 20. Nc5 Nxc5 21. bxc5 e5 22.
dxe5 Nf7 23. Rce1 Nxe5 24. Qd1 Qf4 25. Bh5 Rf8 26. Re3 Be4+ 27. Kg1 Nf3+ 28.
Bxf3 Bxf3 29. Rxf3 Qxf3 30. Qe1 h6 31. Qe6+ Kh7 0-1

[Event "Mondiale Semilampo 2016"]
[Site "Doha QAT"]
[Date "2016.12.26"]
[Round "3.30"]
[White "Aleksandrov, Aleksej"]
[Black "Amonatov, Farrukh"]
[Result "0-1"]
[WhiteTitle "GM"]
[BlackTitle "GM"]
[WhiteElo "2574"]
[BlackElo "2620"]
[WhiteFideId "13500139"]
[BlackFideId "14700077"]
[EventDate "2016.12.26"]

1. d4 Nf6 2. Bf4 d5 3. e3 e6 4. Nd2 c5 5. Ngf3 Qb6 6. Rb1 Be7 7. h3 O-O 8. c3
Bd7 9. Qb3 Nc6 10. Be2 Rfc8 11. O-O c4 12. Qxb6 axb6 13. a3 b5 14. Bd1 Be8 15.
Bc2 Nd7 16. e4 Nb6 17. Rfe1 f6 18. exd5 exd5 19. Nf1 Bg6 20. Ne3 Bxc2 21. Nxc2
Kf7 22. Re2 Bf8 23. Ne3 g6 24. g4 Nd8 25. Kg2 Ne6 26. Bg3 Bh6 27. Rbe1 Re8 28.
h4 Bf4 29. Ng1 Bxe3 30. fxe3 Ng7 31. Rf1 Nd7 32. Nh3 Kg8 33. Bd6 f5 34. Nf4 Nf6
35. g5 Ng4 36. Nxd5 Rad8 37. Nf6+ Nxf6 38. gxf6 Rxd6 39. fxg7 Rde6 40. Rf3 Kxg7
41. Kf2 Kf6 42. Re1 Re4 43. Rh1 h6 44. Rhh3 Rg4 45. Rf4 h5 46. Rh1 Ke6 47. Kf3
Kd5 48. Rxg4 hxg4+ 49. Kf4 Re4+ 50. Kg5 Rxe3 51. Kxg6 Ke4 52. h5 g3 53. h6 g2
54. Rg1 Rg3+ 55. Kf7 f4 56. h7 Rh3 57. Rxg2 Rxh7+ 58. Ke6 Rh6+ 59. Kd7 f3 60.
Rg1 f2 61. Rf1 Ke3 62. d5 Ke2 63. Rc1 f1=Q 64. Rxf1 Kxf1 65. d6 Ke2 66. Kc7 Kd3
67. d7 Rh7 68. Kc8 Rxd7 69. Kxd7 Kc2 0-1

[Event "Mondiale Semilampo 2016"]
[Site "Doha QAT"]
[Date "2016.12.26"]
[Round "3.31"]
[White "Nguyen, Ngoc Truong Son"]
[Black "Anton Guijarro, David"]
[Result "1-0"]
[WhiteTitle "GM"]
[BlackTitle "GM"]
[WhiteElo "2629"]
[BlackElo "2650"]
[WhiteFideId "12401110"]
[BlackFideId "2285525"]
[EventDate "2016.12.26"]

1. d4 Nf6 2. Nf3 e6 3. Bf4 b6 4. e3 Bb7 5. c4 Bb4+ 6. Nc3 O-O 7. Bd3 d6 8. Qc2
c5 9. O-O cxd4 10. exd4 Bxc3 11. bxc3 Bxf3 12. gxf3 Nc6 13. Kh1 e5 14. Be3 d5
15. Rg1 dxc4 16. Bh6 cxd3 17. Bxg7 Ng4 18. Qd2 h5 19. Bxf8 Qd5 20. Rg2 Kxf8 21.
fxg4 exd4 22. Re1 h4 23. Qxd3 Rd8 24. Qh7 Ne7 25. Qh6+ Kg8 26. c4 Qd7 27. f4 d3
28. f5 f6 29. Qxf6 Nc6 30. Qg5+ Kf8 31. Re6 Ne5 32. Qh6+ Kg8 33. Rxe5 d2 34.
Rxd2 Qxd2 35. Re8+ 1-0

[Event "Mondiale Semilampo 2016"]
[Site "Doha QAT"]
[Date "2016.12.26"]
[Round "3.32"]
[White "Svane, Rasmus"]
[Black "Mamedov, Rauf"]
[Result "1-0"]
[WhiteTitle "GM"]
[BlackTitle "GM"]
[WhiteElo "2555"]
[BlackElo "2688"]
[WhiteFideId "4657101"]
[BlackFideId "13401653"]
[EventDate "2016.12.26"]

1. Nf3 g6 2. d4 Bg7 3. c4 Nf6 4. Nc3 O-O 5. e4 d6 6. Be2 e5 7. O-O c6 8. Be3
exd4 9. Nxd4 Re8 10. f3 d5 11. cxd5 Nxd5 12. Nxd5 cxd5 13. Rc1 a5 14. Rc5 dxe4
15. Bc4 Rf8 16. fxe4 Nd7 17. Rxf7 Nxc5 18. Rd7+ Kh8 19. Rxd8 Rxd8 20. Bd5 Be6
21. Nxe6 Nxe6 22. Qb3 Nd4 23. Qc4 Nc6 24. Bd2 Ne5 25. Qb5 a4 26. a3 Rd7 27. Bc3
Re7 28. Qb4 Rae8 29. Qxa4 Ng4 30. h3 Bxc3 31. bxc3 Nf6 32. Qd4 Kg7 33. c4 h5 34.
a4 h4 35. a5 g5 36. Kh2 Kg6 37. Qb6 Kg7 38. Bxb7 g4 39. hxg4 Nxg4+ 40. Kh3 Ne5
41. a6 Re6 42. Qd4 Rg6 43. a7 Rg3+ 44. Kh2 Kh7 45. a8=Q Ng4+ 46. Kh1 Rxa8 47.
Bxa8 Kh6 48. e5 Kg5 49. Bf3 1-0

[Event "Mondiale Semilampo 2016"]
[Site "Doha QAT"]
[Date "2016.12.26"]
[Round "3.37"]
[White "Banikas, Hristos"]
[Black "Borisek, Jure"]
[Result "1/2-1/2"]
[WhiteTitle "GM"]
[BlackTitle "GM"]
[WhiteElo "2568"]
[BlackElo "2561"]
[WhiteFideId "4202031"]
[BlackFideId "14603152"]
[EventDate "2016.12.26"]

1. Nf3 c5 2. g3 Nc6 3. Bg2 g6 4. c3 Bg7 5. d4 cxd4 6. cxd4 d5 7. O-O Nf6 8. Nc3
Ne4 9. Bf4 O-O 10. Rc1 Bf5 11. Ne5 Rc8 12. Nxe4 dxe4 13. Nxc6 Rxc6 14. Rxc6 bxc6
15. e3 Qa5 16. a3 c5 17. g4 Bc8 18. dxc5 Qxc5 19. b4 Qc3 20. Qc1 Bxg4 21. Bxe4
Rd8 22. b5 Qb3 23. Qc7 Rc8 24. Qxe7 Qxb5 25. Qxa7 Bh3 26. Bg2 Bxg2 27. Kxg2 Qd5+
28. Kg1 Ra8 29. Qc7 Rxa3 30. Qd6 Qxd6 1/2-1/2

[Event "Mondiale Semilampo 2016"]
[Site "Doha QAT"]
[Date "2016.12.26"]
[Round "3.38"]
[White "Leko, Peter"]
[Black "Hirneise, Tobias"]
[Result "1/2-1/2"]
[WhiteTitle "GM"]
[BlackTitle "IM"]
[WhiteElo "2693"]
[BlackElo "2466"]
[WhiteFideId "703303"]
[BlackFideId "24600881"]
[EventDate "2016.12.26"]

1. e4 e5 2. Nf3 Nc6 3. Bc4 Bc5 4. O-O Nf6 5. d3 d6 6. c3 a6 7. h3 Ba7 8. Bb3 h6
9. Re1 g5 10. Be3 Bxe3 11. Rxe3 g4 12. hxg4 Nxg4 13. Re1 Qf6 14. Nbd2 Bd7 15.
Nf1 O-O-O 16. Ba4 Rdg8 17. d4 Qg7 18. d5 Nb8 19. Bxd7+ Nxd7 20. Nh4 Qf6 21. Nf5
h5 22. N1e3 Nxe3 23. Rxe3 h4 24. b4 Qg5 25. Qf3 Kb8 26. c4 Rg6 27. Kh1 Rhg8 28.
Rg1 Rf6 29. g4 hxg3 30. Rxg3 Rh8+ 31. Kg2 Qf4 32. Rc3 Qd2 33. Qe3 Qd1 34. Rc1
Qh5 35. c5 Qh2+ 36. Kf1 Rg6 37. cxd6 cxd6 38. Rxg6 fxg6 39. Nxd6 Rf8 40. Ke2
Qh5+ 41. f3 Nf6 42. Rg1 Qh2+ 43. Qf2 Qxf2+ 44. Kxf2 Kc7 45. Nc4 Nxe4+ 46. Ke3
Nc3 47. d6+ Kc6 48. Rxg6 Nd5+ 49. Kf2 Nxb4 50. Nxe5+ Kd5 51. Nd7 Rd8 52. Nb6+
Kc5 53. d7 Nd5 54. Rg5 Kxb6 55. Rxd5 Kc6 56. Rd2 Rxd7 57. Rxd7 Kxd7 58. Ke3 Ke6
59. Ke4 b6 60. Kd4 Kd6 61. f4 Ke6 62. Ke4 Kd6 63. f5 b5 64. Kd4 a5 65. f6 Ke6
66. Kc5 Kxf6 67. Kxb5 Ke7 68. Kxa5 Kd7 69. Kb6 Kc8 1/2-1/2

[Event "Mondiale Semilampo 2016"]
[Site "Doha QAT"]
[Date "2016.12.26"]
[Round "3.39"]
[White "Belyakov, Bogdan"]
[Black "Jumabayev, Rinat"]
[Result "0-1"]
[WhiteTitle "IM"]
[BlackTitle "GM"]
[WhiteElo "2487"]
[BlackElo "2611"]
[WhiteFideId "24104795"]
[BlackFideId "13702661"]
[EventDate "2016.12.26"]

1. e4 c5 2. c3 Nf6 3. e5 Nd5 4. Nf3 e6 5. Bc4 Nb6 6. Bb3 d6 7. O-O Nc6 8. d4
cxd4 9. cxd4 dxe5 10. dxe5 Qxd1 11. Rxd1 Bd7 12. Nc3 Na5 13. Bf4 Rc8 14. Rac1
Bb4 15. Ne4 Rxc1 16. Rxc1 Nxb3 17. axb3 Bc6 18. Be3 O-O 19. Bc5 Bxc5 20. Nxc5
Rd8 21. h3 h6 22. b4 a6 23. Ne1 Rd4 24. Nxa6 Bxg2 25. Kxg2 bxa6 26. Ra1 Rxb4 27.
Rxa6 Rxb2 28. Nd3 Rb5 29. f4 Nd5 30. Kf3 g6 31. Ra3 Rb1 32. Kf2 Rh1 33. Kg2 Rd1
34. Kf2 Kg7 35. Kf3 Rf1+ 36. Kg3 Ne3 37. Nf2 Nf5+ 38. Kg2 Rb1 39. Ng4 Rb4 40.
Nf6 Rxf4 41. Ne8+ Kf8 42. Ra8 h5 43. Rb8 Rd4 44. Kf2 Rd3 45. Kg2 Nh4+ 46. Kf2
Rxh3 47. Ke2 Nf5 48. Kf2 Rd3 49. Kg2 Re3 50. Nf6+ Kg7 51. Rg8+ Kh6 52. Rh8+ Kg5
53. Rh7 Nh4+ 54. Kh1 Re1+ 55. Kh2 Nf3+ 56. Kh3 Nxe5 57. Ne8 Rd1 58. Nc7 Rd7 59.
Nb5 Ng4 60. Rh8 e5 61. Re8 f5 62. Re6 Rd2 63. Kg3 h4+ 0-1

[Event "Mondiale Semilampo 2016"]
[Site "Doha QAT"]
[Date "2016.12.26"]
[Round "3.40"]
[White "Agdestein, Simen"]
[Black "Neelotpal, Das"]
[Result "1-0"]
[WhiteTitle "GM"]
[BlackTitle "GM"]
[WhiteElo "2602"]
[BlackElo "2463"]
[WhiteFideId "1500015"]
[BlackFideId "5003512"]
[EventDate "2016.12.26"]

1. c4 e5 2. Nc3 Nf6 3. g3 Bb4 4. Nf3 Nc6 5. Bg2 O-O 6. O-O Bxc3 7. bxc3 e4 8.
Ng5 Re8 9. f3 exf3 10. Nxf3 d5 11. d4 Ne4 12. Qc2 dxc4 13. Rb1 Rb8 14. Nh4 Qd5
15. Rf4 f5 16. g4 g6 17. gxf5 Bxf5 18. Nxf5 gxf5 19. Bd2 Re6 20. Rbf1 Ne7 21.
Be1 Rf8 22. Bg3 c6 23. R4f3 Ng6 24. Be5 Nxe5 25. Rxf5 Rxf5 26. Rxf5 Rg6 27. Rxe5
Qf7 28. Qxe4 1-0

[Event "Mondiale Semilampo 2016"]
[Site "Doha QAT"]
[Date "2016.12.26"]
[Round "3.41"]
[White "Quintiliano Pinto, Renato R."]
[Black "Bindrich, Falko"]
[Result "1/2-1/2"]
[WhiteTitle "IM"]
[BlackTitle "GM"]
[WhiteElo "2484"]
[BlackElo "2590"]
[WhiteFideId "2117568"]
[BlackFideId "4676670"]
[EventDate "2016.12.26"]

1. d4 Nf6 2. c4 e6 3. Nf3 d5 4. Nc3 Be7 5. Bf4 O-O 6. e3 b6 7. Bd3 dxc4 8. Bxc4
Ba6 9. Bxa6 Nxa6 10. O-O c5 11. Qe2 Qc8 12. Rac1 Qb7 13. h3 Rfd8 14. Rfd1 Rac8
15. a3 h6 16. Nb5 Nd5 17. Bg3 cxd4 18. Rxc8 Rxc8 19. Nfxd4 Nc5 20. e4 Nf6 21. f3
Rd8 22. b4 a6 23. Nc7 Na4 24. Qc2 b5 25. Rd2 Bf8 26. Nb3 Rc8 27. Kh1 Qb6 28. Rd1
Ne8 29. Rd7 Nf6 30. Rd1 Nh5 31. Bh2 Qe3 32. Nc5 Qxa3 33. N5xa6 Nb2 34. Rb1 Nc4
35. Nc5 Bxc5 36. Nxb5 Qa8 37. bxc5 Rxc5 38. Nd6 Qc6 39. Rb8+ Kh7 40. Nxf7 e5 41.
Qxc4 Rxc4 42. Rh8+ Kg6 43. Nxe5+ Kf6 44. Nxc6 Rc1+ 45. Bg1 Ng3+ 1/2-1/2

[Event "Mondiale Semilampo 2016"]
[Site "Doha QAT"]
[Date "2016.12.26"]
[Round "3.42"]
[White "Mareco, Sandro"]
[Black "Christiansen, Johan-Sebastian"]
[Result "1-0"]
[WhiteTitle "GM"]
[BlackTitle "IM"]
[WhiteElo "2635"]
[BlackElo "2429"]
[WhiteFideId "112275"]
[BlackFideId "1512668"]
[EventDate "2016.12.26"]

1. c4 e5 2. Nc3 Bb4 3. Nd5 Bc5 4. Nf3 c6 5. Nc3 d6 6. e3 Bb4 7. Qc2 Nf6 8. d3
O-O 9. Be2 Re8 10. a3 Ba5 11. b4 Bc7 12. O-O Nbd7 13. e4 Nf8 14. h3 h6 15. Re1
Ng6 16. Bf1 Be6 17. d4 Nh5 18. d5 Bd7 19. Be3 Qf6 20. Qd1 a5 21. dxc6 bxc6 22.
b5 Ngf4 23. Kh2 Qe6 24. bxc6 Bxc6 25. Nd5 Bd8 26. Nd2 Qg6 27. Rb1 Ne6 28. Nf3
Rf8 29. Bd3 Rc8 30. g3 Kh8 31. Rg1 Bxd5 32. cxd5 Nc5 33. Bc2 Nf6 34. Nh4 Qh7 35.
f3 Be7 36. Nf5 Rfe8 37. Qd2 Bf8 38. Rb6 Red8 39. Rc6 Rb8 40. Bxc5 dxc5 41. Rb1
Rxb1 42. Bxb1 Rb8 43. Bc2 Qg6 44. h4 a4 45. Qc3 Re8 46. Bxa4 Rd8 47. Bc2 Qh5 48.
Kg2 Qg6 49. Qxe5 c4 50. Qc3 Ra8 51. a4 Qh7 52. Qxc4 Nd7 53. Qc3 Kg8 54. Rc8 Ra7
55. Ne7+ Kh8 56. e5 g6 57. Nc6 1-0

[Event "Mondiale Semilampo 2016"]
[Site "Doha QAT"]
[Date "2016.12.26"]
[Round "3.43"]
[White "Debashis, Das"]
[Black "Gholami, Aryan"]
[Result "1-0"]
[WhiteTitle "GM"]
[BlackTitle "IM"]
[WhiteElo "2472"]
[BlackElo "2422"]
[WhiteFideId "5024854"]
[BlackFideId "12513342"]
[EventDate "2016.12.26"]

1. d4 Nf6 2. c4 e6 3. Nc3 Bb4 4. e3 O-O 5. Bd3 c5 6. Nf3 Nc6 7. O-O Bxc3 8. bxc3
d6 9. Nd2 e5 10. d5 Ne7 11. e4 Ng6 12. Re1 h5 13. Nf1 Nf4 14. Bb1 g5 15. Ne3 Kg7
16. a4 Rh8 17. Ra2 h4 18. a5 Rb8 19. Bc2 Qg8 20. Bd3 Qh7 21. f3 Qg6 22. Rb2 Nxd3
23. Qxd3 Nh5 24. Nf5+ Bxf5 25. exf5 Qf6 26. Be3 Rhe8 27. Qe4 Kh7 28. Reb1 Re7
29. Bxg5 Qxg5 30. f6+ Kh6 31. fxe7 Nf4 32. Kh1 Rg8 33. Rg1 Qxe7 34. g3 Nh3 35.
Rgg2 hxg3 36. Rxg3 Nf4 37. Rxg8 1-0

[Event "Mondiale Semilampo 2016"]
[Site "Doha QAT"]
[Date "2016.12.26"]
[Round "3.44"]
[White "Firouzja, Alireza"]
[Black "Ghaem Maghami, Ehsan"]
[Result "0-1"]
[WhiteTitle "IM"]
[BlackTitle "GM"]
[WhiteElo "2456"]
[BlackElo "2574"]
[WhiteFideId "12573981"]
[BlackFideId "12500739"]
[EventDate "2016.12.26"]

1. e4 c5 2. Nf3 Nc6 3. d4 cxd4 4. Nxd4 e6 5. Nc3 Qc7 6. Be3 a6 7. Qf3 Nf6 8.
O-O-O d6 9. Qg3 Bd7 10. Be2 Rc8 11. f3 Na5 12. Nb3 b5 13. a3 Nc4 14. Bxc4 bxc4
15. Nd4 Rb8 16. Kb1 g6 17. Ka1 Bg7 18. h4 O-O 19. h5 Rb7 20. hxg6 fxg6 21. Nde2
Ne8 22. Qe1 Nf6 23. Qd2 d5 24. exd5 Rfb8 25. dxe6 Bxe6 26. Qd6 Qxd6 27. Rxd6 Bf5
28. Bc1 Bxc2 29. Rxa6 Nd7 30. Ka2 Nc5 31. Rd6 Nd3 32. Ka1 Nxb2 33. Nd4 Nd3 34.
Bd2 Nc5 35. Nxc2 Nb3+ 36. Ka2 Nxd2 37. Nd1 Rb2+ 0-1

[Event "Mondiale Semilampo 2016"]
[Site "Doha QAT"]
[Date "2016.12.26"]
[Round "3.45"]
[White "Lalith, Babu M R"]
[Black "Xu, Yi"]
[Result "0-1"]
[WhiteTitle "GM"]
[BlackTitle "IM"]
[WhiteElo "2587"]
[BlackElo "2430"]
[WhiteFideId "5024595"]
[BlackFideId "8605564"]
[EventDate "2016.12.26"]

1. Nf3 Nf6 2. c4 e6 3. d4 d5 4. Nc3 Bb4 5. Qa4+ Nc6 6. e3 O-O 7. Bd2 dxc4 8.
Bxc4 Bd6 9. O-O e5 10. d5 e4 11. Nxe4 Nxe4 12. dxc6 Nxd2 13. Nxd2 bxc6 14. Rfd1
Rb8 15. Ne4 Rxb2 16. Bb3 Bg4 17. Rd4 c5 18. Rc4 Be5 19. Rxc5 Qe7 20. Re1 Rd8 21.
Qc4 Be2 22. Qc1 Bd3 23. Ng3 Rb1 24. Qxb1 Bxb1 25. Rcc1 Bxg3 26. hxg3 Be4 27. Rc3
c6 28. Rec1 g6 29. a3 Kg7 30. f3 Bd5 31. Ba4 Qe5 32. Kh2 Bxf3 0-1

[Event "Mondiale Semilampo 2016"]
[Site "Doha QAT"]
[Date "2016.12.26"]
[Round "3.46"]
[White "Maghsoodloo, Parham"]
[Black "Kozul, Zdenko"]
[Result "1-0"]
[WhiteTitle "GM"]
[BlackTitle "GM"]
[WhiteElo "2584"]
[BlackElo "2613"]
[WhiteFideId "12539929"]
[BlackFideId "14502879"]
[EventDate "2016.12.26"]

1. d4 Nf6 2. c4 g6 3. Nc3 Bg7 4. e4 d6 5. Nf3 O-O 6. Be2 e5 7. O-O Nbd7 8. Be3
h6 9. h3 exd4 10. Nxd4 Re8 11. f3 Nh5 12. Qd2 Ng3 13. Rfe1 Nxe2+ 14. Qxe2 Ne5
15. Rad1 Bd7 16. f4 Nc6 17. Qf2 a6 18. c5 Rc8 19. Nxc6 Bxc6 20. cxd6 cxd6 21. e5
d5 22. Ne4 dxe4 23. Rxd8 Rexd8 24. Rc1 Rd3 25. Bb6 g5 26. Be3 Rcd8 27. Rf1 R8d7
28. fxg5 hxg5 29. Bxg5 e3 30. Bxe3 Bxe5 31. Re1 f6 32. Qf5 Rg7 33. Qxd3 Rxg2+
34. Kf1 Rxb2 35. Qg6+ Kh8 36. Bf2 1-0

[Event "Mondiale Semilampo 2016"]
[Site "Doha QAT"]
[Date "2016.12.26"]
[Round "3.51"]
[White "Al-Sayed, Mohammed"]
[Black "Stratonowitsch, Andre"]
[Result "1-0"]
[WhiteTitle "GM"]
[WhiteElo "2508"]
[BlackElo "2138"]
[WhiteFideId "12100196"]
[BlackFideId "24613959"]
[EventDate "2016.12.26"]

1. d4 f5 2. Nc3 Nf6 3. Nf3 g6 4. Bf4 Bg7 5. e3 O-O 6. h3 d6 7. Bc4+ e6 8. Qe2
Qe7 9. O-O-O Bd7 10. g4 d5 11. Bd3 Ne4 12. Qe1 c5 13. gxf5 gxf5 14. Rg1 Kh8 15.
Ne5 Be8 16. f3 Nxc3 17. Qxc3 c4 18. Be2 Rg8 19. Rg2 Bf6 20. Rxg8+ Kxg8 21. Rg1+
Kh8 22. Qe1 Nc6 23. Qg3 Bf7 24. Nxc6 bxc6 25. Bd6 Qd8 26. Qf4 Bg6 27. h4 Bxh4
28. Rxg6 hxg6 29. Qh6+ 1-0

[Event "Mondiale Semilampo 2016"]
[Site "Doha QAT"]
[Date "2016.12.26"]
[Round "3.52"]
[White "Salinas Herrera, Pablo"]
[Black "khayat, Abdullah F"]
[Result "1-0"]
[WhiteTitle "IM"]
[WhiteElo "2466"]
[BlackElo "1732"]
[WhiteFideId "3407128"]
[BlackFideId "21500460"]
[EventDate "2016.12.26"]

1. e4 d5 2. exd5 Nf6 3. c4 c6 4. d4 cxd5 5. Nc3 dxc4 6. Bxc4 e6 7. Nf3 Bb4 8.
O-O O-O 9. Bg5 Be7 10. Re1 a6 11. a4 Nbd7 12. Qe2 Re8 13. Rad1 Nb6 14. Bb3 Nbd5
15. Ne5 h6 16. Bc1 Qb6 17. Ba2 Nb4 18. Bb1 Nfd5 19. Qf3 f5 20. Bxh6 gxh6 21. Qh5
Nf6 22. Qf7+ 1-0

[Event "Mondiale Semilampo 2016"]
[Site "Doha QAT"]
[Date "2016.12.26"]
[Round "4.2"]
[White "Yu, Yangyi"]
[Black "Aronian, Levon"]
[Result "1/2-1/2"]
[WhiteTitle "GM"]
[BlackTitle "GM"]
[WhiteElo "2729"]
[BlackElo "2785"]
[WhiteFideId "8603820"]
[BlackFideId "13300474"]
[EventDate "2016.12.26"]

1. e4 e5 2. Nf3 Nc6 3. Bb5 a6 4. Ba4 Nf6 5. O-O Be7 6. Re1 b5 7. Bb3 O-O 8. a4
b4 9. d3 Bc5 10. Be3 Bxe3 11. Rxe3 d6 12. Nbd2 Na5 13. Ba2 c5 14. Nc4 Nxc4 15.
Bxc4 Be6 16. a5 Bxc4 17. dxc4 Qe7 18. Nd2 g6 19. Rd3 Kg7 20. f3 Nh5 21. g3 Rad8
22. Nf1 Kh8 23. Ne3 f5 24. Nd5 Qg7 25. Qe2 Nf6 26. Rad1 fxe4 27. fxe4 Nxd5 28.
Rxd5 Qf6 29. Rf1 1/2-1/2

[Event "Mondiale Semilampo 2016"]
[Site "Doha QAT"]
[Date "2016.12.26"]
[Round "4.4"]
[White "Ivanchuk, Vassily"]
[Black "Vidit, Santosh Gujrathi"]
[Result "1-0"]
[WhiteTitle "GM"]
[BlackTitle "GM"]
[WhiteElo "2747"]
[BlackElo "2689"]
[WhiteFideId "14100010"]
[BlackFideId "5029465"]
[EventDate "2016.12.26"]

1. e4 c6 2. Nf3 d5 3. d3 dxe4 4. dxe4 Qxd1+ 5. Kxd1 Bg4 6. Be3 Nd7 7. Nd2 e5 8.
Bc4 Bc5 9. Ke2 Bxe3 10. Kxe3 Ngf6 11. h3 Bxf3 12. Nxf3 Ke7 13. Rhd1 Nb6 14. Nxe5
Nfd7 15. Rxd7+ Nxd7 16. Nxf7 Rhf8 17. Ng5 b5 18. Bb3 a5 19. a3 Ne5 20. Ne6 Rfb8
21. Nxg7 a4 22. Nf5+ Kf6 23. f4 axb3 24. fxe5+ Kxe5 25. cxb3 c5 26. Rc1 c4 27.
Nd4 Rc8 28. b4 c3 29. bxc3 Rxa3 30. Nxb5 Ra2 31. Rf1 Rxg2 32. Rf5+ Ke6 33. Rh5
Rg7 34. Nd4+ Kf6 35. Rf5+ Ke7 36. Kd3 Rg3+ 37. Rf3 Rxf3+ 38. Nxf3 Rg8 39. h4 Rg3
40. Ke3 Rg4 41. c4 h5 42. c5 Kd8 43. b5 Kc7 44. e5 Rc4 45. Nd4 Rc3+ 46. Ke4 Rh3
47. Nf5 Rb3 48. b6+ Kb7 49. e6 1-0

[Event "Mondiale Semilampo 2016"]
[Site "Doha QAT"]
[Date "2016.12.26"]
[Round "4.5"]
[White "Pantsulaia, Levan"]
[Black "Tomashevsky, Evgeny"]
[Result "1/2-1/2"]
[WhiteTitle "GM"]
[BlackTitle "GM"]
[WhiteElo "2607"]
[BlackElo "2716"]
[WhiteFideId "13602071"]
[BlackFideId "4147235"]
[EventDate "2016.12.26"]

1. Nf3 d5 2. g3 Bg4 3. Bg2 c6 4. O-O Nd7 5. d4 e6 6. Nbd2 Ngf6 7. Re1 Be7 8. e4
dxe4 9. Nxe4 O-O 10. c3 Bh5 11. Qb3 Nxe4 12. Rxe4 Qb6 13. Nd2 Bg6 14. Re1 a5 15.
Nc4 Qa6 16. a4 Bd3 17. Ne3 Nf6 18. Rd1 Rab8 19. c4 Bg6 20. Bd2 Rfd8 21. Be1 Bh5
22. Rd3 Bg6 23. Rdd1 Bh5 24. Rd3 1/2-1/2

[Event "Mondiale Semilampo 2016"]
[Site "Doha QAT"]
[Date "2016.12.26"]
[Round "4.6"]
[White "Inarkiev, Ernesto"]
[Black "Li, Chao b"]
[Result "0-1"]
[WhiteTitle "GM"]
[BlackTitle "GM"]
[WhiteElo "2709"]
[BlackElo "2720"]
[WhiteFideId "4162722"]
[BlackFideId "8604436"]
[EventDate "2016.12.26"]

1. d4 Nf6 2. c4 g6 3. g3 Bg7 4. Bg2 d5 5. cxd5 Nxd5 6. Nf3 c5 7. dxc5 Qa5+ 8.
Nbd2 O-O 9. O-O Qxc5 10. Nb3 Qd6 11. e4 Nb4 12. Qxd6 exd6 13. Rd1 N8c6 14. Rxd6
Be6 15. Nc5 Bxa2 16. Nxb7 Rfb8 17. Nc5 Rd8 18. Bf4 Rxd6 19. Bxd6 Bxb2 20. Rd1 a5
21. e5 a4 22. Ne1 a3 23. Ned3 Bd5 24. Nxb4 Bxg2 25. Kxg2 Nxb4 26. Nb3 Nc6 27.
Rd2 Na5 28. Nxa5 Rxa5 29. f4 Ra8 30. Bxa3 Bxa3 31. Ra2 Ra7 32. g4 Bc5 33. Rxa7
Bxa7 34. Kf3 Kf8 35. Ke4 Bf2 36. Kf3 Bh4 37. Ke4 Ke7 38. Kd5 Kd7 39. f5 g5 40.
Kc5 Be1 41. Kd5 Bf2 42. h3 Bb6 43. Ke4 Kc6 44. f6 Kd7 45. Kf5 Be3 46. Ke4 Bc1
47. Kf5 Bd2 0-1

[Event "Mondiale Semilampo 2016"]
[Site "Doha QAT"]
[Date "2016.12.26"]
[Round "4.7"]
[White "Atabayev, Yusup"]
[Black "Dreev, Aleksey"]
[Result "1/2-1/2"]
[WhiteTitle "IM"]
[BlackTitle "GM"]
[WhiteElo "2473"]
[BlackElo "2652"]
[WhiteFideId "14001128"]
[BlackFideId "4100107"]
[EventDate "2016.12.26"]

1. d4 d5 2. Nc3 c6 3. Bf4 Nf6 4. e3 Bf5 5. Nf3 Nbd7 6. Bd3 Bxd3 7. cxd3 e6 8.
O-O Nh5 9. Bg3 Nxg3 10. hxg3 Bb4 11. Qb3 Bxc3 12. bxc3 Rb8 13. c4 O-O 14. e4 Nf6
15. Rfe1 Qa5 16. Rac1 Rfd8 17. a3 h6 18. Re2 Qb6 19. Qc3 Qa6 20. Ree1 b5 21.
cxd5 cxd5 22. Qb4 dxe4 23. dxe4 Qb6 24. Rc5 a5 25. Qb2 b4 26. axb4 Qxb4 27. Qxb4
axb4 28. Rc2 b3 29. Rb2 Rdc8 30. Nd2 Rc3 31. f3 Rb4 32. Reb1 Rxd4 33. Rxb3 Rxb3
34. Nxb3 Rc4 35. Rc1 Rxc1+ 36. Nxc1 h5 37. Nd3 1/2-1/2

[Event "Mondiale Semilampo 2016"]
[Site "Doha QAT"]
[Date "2016.12.26"]
[Round "4.8"]
[White "Bu, Xiangzhi"]
[Black "Bok, Benjamin"]
[Result "1/2-1/2"]
[WhiteTitle "GM"]
[BlackTitle "GM"]
[WhiteElo "2705"]
[BlackElo "2598"]
[WhiteFideId "8601445"]
[BlackFideId "1017063"]
[EventDate "2016.12.26"]

1. Nf3 c5 2. c4 Nf6 3. Nc3 d5 4. cxd5 Nxd5 5. d4 Nxc3 6. bxc3 g6 7. Bg5 Bg7 8.
Qd2 Qa5 9. Rc1 Bf5 10. e3 Nc6 11. Be2 O-O 12. O-O h6 13. Bh4 Rfd8 14. Qb2 cxd4
15. cxd4 g5 16. Bg3 Qb4 17. Qa1 Rac8 18. a3 Qb6 19. h4 g4 20. Nd2 Na5 21. Rxc8
Rxc8 22. Rc1 Rxc1+ 23. Qxc1 Nb3 24. Nxb3 Qxb3 25. Qc5 e6 26. Kh2 b6 27. Qe7 Bf8
28. Qxa7 Qxa3 29. Qxb6 Qb4 30. Qc7 Qb2 31. Qd8 Qb4 32. h5 Qe7 33. Qxe7 Bxe7 34.
Bf4 Bh4 35. f3 gxf3 36. gxf3 Kg7 37. e4 Bh7 38. Bb5 Bd8 39. Be5+ f6 40. Bd6 Bg8
41. Be8 Bb6 42. Bc5 Bxc5 43. dxc5 Kf8 44. Bb5 Ke7 45. Kg3 e5 46. Bc6 Bf7 47. Kh4
Kd8 48. Bd5 Be8 49. Bb3 Kc7 50. Kg4 Bd7+ 51. Kg3 Be8 52. Kh4 Bd7 53. Bd1 Bc8 54.
Ba4 Be6 55. Bb5 Bf7 56. Ba4 Be6 57. Be8 Kd8 58. Bc6 Kc7 59. Bd5 Bd7 60. Kg3 Be8
61. Kg4 Bd7+ 62. Kh4 Bc8 63. Kg3 Bd7 64. c6 Bc8 65. Kf2 Kd6 66. Ke3 Ba6 67. Kd2
Bb5 68. Ke3 1/2-1/2

[Event "Mondiale Semilampo 2016"]
[Site "Doha QAT"]
[Date "2016.12.26"]
[Round "4.10"]
[White "Vallejo Pons, Francisco"]
[Black "Nepomniachtchi, Ian"]
[Result "1/2-1/2"]
[WhiteTitle "GM"]
[BlackTitle "GM"]
[WhiteElo "2711"]
[BlackElo "2767"]
[WhiteFideId "2205530"]
[BlackFideId "4168119"]
[EventDate "2016.12.26"]

1. d4 Nf6 2. c4 g6 3. Bg5 Bg7 4. Nc3 d5 5. Bxf6 Bxf6 6. cxd5 c5 7. dxc5 Nd7 8.
e3 O-O 9. Nf3 Nxc5 10. Nd4 Qb6 11. Qd2 Rd8 12. Be2 e6 13. Bf3 Qa6 14. Be2 Qb6
15. Bf3 Qa6 16. Be2 Qb6 1/2-1/2